000 00604nam a22002177a 4500
003 BUBTL
008 180117b xxu||||| |||| 00| 0 eng d
020 _a981-240-609-3
082 _a658.45
_bGUB
100 _91327
_aGuffey,Mary Ellen ,
245 _aBsiness Communication
250 _a3rd
260 _aSouth Western
_bThomson
_c2000
300 _a[xv] , 532p . :
_bill , Chart ,Graph ;24cm .
_cBusiness .
500 _aIncludes Index .
650 0 _961
_aBusiness
700 _91327
_aGuffey,Mary Ellen ,
856 _k0
_l0
_yDownload
942 _2ddc
_cBK
999 _c5664
_d5664